La colocación avanzada del alumno
Zapisane w:
| Główni autorzy: | , |
|---|---|
| Format: | Książka |
| Język: | hiszpański |
| Wydane: |
Ciudad de México
Centro Regional de Ayuda Técnica
1972
|
| Seria: | Nuevos horizontes en la enseñanza superior, 8
|
| Hasła przedmiotowe: | |
| Etykiety: |
Dodaj etykietę
Nie ma etykietki, Dołącz pierwszą etykiete!
|
MARC
| LEADER | 00000nam a2200000 a 4500 | ||
|---|---|---|---|
| 001 | UCY9538 | ||
| 003 | CL-VaPUC | ||
| 008 | 950717e19720000MX |||||||||||||||||spa|d | ||
| 082 | 0 | 4 | |a 378.1 |b RAD |2 21 |
| 100 | 0 | |a Radcliffe, Shirley A |e author |9 341824 | |
| 700 | |a Hatch, Winslow R |e author |9 353759 | ||
| 245 | 1 | 3 | |a La colocación avanzada del alumno |
| 300 | |a 20 p | ||
| 942 | |c BK | ||
| 945 | |d 19950717 00:00:00 |a cmena | ||
| 260 | |a Ciudad de México |b Centro Regional de Ayuda Técnica |c 1972 | ||
| 650 | 0 | |a Planificación de la educación |9 307333 | |
| 650 | 0 | |a Innovaciones pedagógicas |9 307471 | |
| 650 | 0 | |a Política educacional |9 308011 | |
| 650 | 0 | |a Motivación |9 315362 | |
| 650 | 0 | |a Alumnos |9 335074 | |
| 583 | |a last modification |c 19950717 00:00:00 |k Rodrigo Vera | ||
| 490 | 0 | |a Nuevos horizontes en la enseñanza superior, 8 | |
| 999 | |c 236616 |d 236614 | ||
| 952 | |0 0 |1 0 |4 0 |6 378_100000000000000_RAD_1972 |7 0 |8 P |9 244818 |a BIBEDU |b BIBEDU |c BIBEDU_PB |d 2019-11-18 |i 1535242 |o 378.1 RAD 1972 |p 1535242 |r 2024-01-25 |w 2019-11-18 |y BK |k EDU | ||